| 000 | 00000nam##2200000za#4500 |
| 001 | 9.695948 |
| 003 | CaOODSP |
| 005 | 20210624234818 |
| 007 | cr ||||||||||| |
| 008 | 150407|1999||||xxc|||||o f|0| 0 eng|d |
| 020 | |a0-660-17736-6 |
| 040 | |aCaOODSP|beng |
| 043 | |an-cn--- |
| 086 | 1 |aSN3-324/1999E-IN |
| 110 | 1 |aCanada.|bNational Library of Canada. |
| 245 | 14|aThe Otto Joachim fonds : |h[electronic resource]|bnumerical list / |cby Stéphane Jean. Issued by the Music Division. |
| 260 | |aOttawa - Ontario : |bNational Library of Canada |c1999. |
| 300 | |a57p.|bphotographs, index |
| 500 | |aIssued also in printed form on demand. |
| 504 | |aBibliography. |
| 590 | |a12-16-Supp|b2012-04-17 |
| 690 | 07|aMusic|2gcpds |
| 720 | 1 |aJean, Stéphane |
| 775 | 08|tLe fonds Otto-Joachim : |w(CaOODSP)9.640071 |
| 776 | 0#|tThe Otto Joachim fonds : |w(CaOODSP)9.647253 |
| 856 | 40|ahttp://publications.gc.ca|qPDF|s971 KB|uhttps://publications.gc.ca/collections/Collection/SN3-324-1999E.pdf |